000 00481nam a2200157 i 4500
001 bg
245 0 _aSystem maszyn rolniczych.
_nCz. 3,
_pMelioracje i gospodarka wodno-ściekowa : melioracje wodne, zaopatrzenie wsi w wodę, rolnicze zagospodarowanie ścieków inwentarskich.
250 _aWyd.7.
260 _aWarszawa,
_c1987.
650 9 _aMelioracje rolne
040 _cBPK
041 _apol
080 _a631/635
942 _cKS
008 s pl f |000 0 pol
999 _c3934
_d3934
856 _uhttp://koha.tu.koszalin.pl/cgi-bin/koha/opac-detail.pl?biblionumber=3934
_yKatalog online BPK